000 00765nam a2200217Ia 4500
003 GCL
008 140319s9999 xx 000 0 ara d
040 _aGCL /
_cGCL
082 0 4 _a341.37
_bا ت
100 1 _aاحلام السعدنى فرهود
245 1 0 _aالتيار الاسلامى والسياسة المصرية تجاه الصلح مع اسرائيل /
_cاحلام السعدنى فرهود
260 _a[S.N] :
_bالزهراء للاعلام العربى ،
_c1991
490 _a
650 0 4 _aالعصر الحديث
650 0 4 _aمصر
650 0 4 _aتاريخ
650 0 4 _aالنزاع العربى الاسرائيلى
650 0 4 _aالاسلام واليهودية
650 0 4 _aالاخوان المسلمون
942 _2ddc
_cBK
999 _c54354
_d54354